ARRUPE JESUIT UNIVERSITY

CORONAVIRUS -STOP THE SPREAD - CLEAN,DISINFECT,COVER

Religious experience today : (Record no. 118122)

MARC details
000 -LEADER
fixed length control field 00761cam a2200265 a 4500
001 - CONTROL NUMBER
control field 4476315
003 - CONTROL NUMBER IDENTIFIER
control field ARRUPE
005 - DATE AND TIME OF LATEST TRANSACTION
control field 20130927112401.0
008 - FIXED-LENGTH DATA ELEMENTS--GENERAL INFORMATION
fixed length control field 910626s1990 enk b 000 0 eng d
020 ## - INTERNATIONAL STANDARD BOOK NUMBER
International Standard Book Number 0264670728 (pbk.)
035 ## - SYSTEM CONTROL NUMBER
System control number (OCoLC)23673313
035 ## - SYSTEM CONTROL NUMBER
System control number (OCoLC)ocm23673313
035 ## - SYSTEM CONTROL NUMBER
System control number (NNC)4476315
040 ## - CATALOGING SOURCE
Original cataloging agency NNUT
Transcribing agency NNUT
Modifying agency NNUT
050 ## - LIBRARY OF CONGRESS CALL NUMBER
Classification number BL53
Item number .H412 1990
300 ## - PHYSICAL DESCRIPTION
Dimensions 22 cm.
100 1# - MAIN ENTRY--PERSONAL NAME
Personal name Hay, David,
Dates associated with a name 1935-
9 (RLIN) 1588
245 10 - TITLE STATEMENT
Title Religious experience today :
Remainder of title studying the facts /
Statement of responsibility, etc David Hay.
260 ## - PUBLICATION, DISTRIBUTION, ETC. (IMPRINT)
Place of publication, distribution, etc London, England :
Name of publisher, distributor, etc Mowbray,
Date of publication, distribution, etc 1990.
300 ## - PHYSICAL DESCRIPTION
Extent 114 p. ;
504 ## - BIBLIOGRAPHY, ETC. NOTE
Bibliography, etc Bibliography: p. 112-114.
650 #0 - SUBJECT ADDED ENTRY--TOPICAL TERM
Topical term or geographic name as entry element Experience (Religion)
9 (RLIN) 1589
650 #0 - SUBJECT ADDED ENTRY--TOPICAL TERM
Topical term or geographic name as entry element Psychology, Religious.
9 (RLIN) 1590
942 ## - ADDED ENTRY ELEMENTS (KOHA)
Source of classification or shelving scheme Library of Congress Classification
Koha item type Monograph ( Printed materials)
Holdings
Withdrawn status Lost status Source of classification or shelving scheme Damaged status Not for loan Home library Current library Shelving location Date acquired Total Checkouts Full call number Barcode Date last seen Date checked out Price effective from Koha item type
    Library of Congress Classification     ARRUPE LIBRARY ARRUPE LIBRARY Main Collection 27/09/2013 2 BL53 .H412 1990 46410117 09/11/2022 11/10/2022 27/09/2013 Monograph ( Printed materials)

 

Arrupe Library. PO Box MP320 Mt Pleasant, Harare, Zimbabwe
263 242 745411|librarian@aju.ac.zw